[Event "Andorra Open"]
[Site "Escaldes"]
[Date "2019.07.26"]
[Round "1.1"]
[White "Fedorchuk, Sergey A"]
[Black "Alfonso Nogue, Beatriz"]
[Result "1-0"]
[WhiteElo "2633"]
[BlackElo "2057"]
[PlyCount "69"]
[EventDate "2019.07.27"]
[EventType "swiss"]
[EventRounds "9"]
[EventCountry "AND"]
[WhiteClock "0:42:46"]
[BlackClock "0:00:32"]

1. e4 {[%emt 0:00:03]} e5 {[%emt 0:00:13]} 2. Nf3 {[%emt 0:00:09]} Nc6 {
[%emt 0:00:26]} 3. Bb5 {[%emt 0:00:15]} a6 {[%emt 0:00:18]} 4. Ba4 {[%emt 0:00:
06]} Nf6 {[%emt 0:00:21]} 5. d3 {[%emt 0:00:39]} b5 {[%emt 0:01:49]} 6. Bb3 {
[%emt 0:00:07]} Be7 {[%emt 0:00:34]} 7. O-O {[%emt 0:01:51]} d6 {[%emt 0:00:50]
} 8. a3 {[%emt 0:01:14]} O-O {[%emt 0:00:43]} 9. Nbd2 {[%emt 0:01:10]} Na5 {
[%emt 0:01:51]} 10. Ba2 {[%emt 0:00:44]} c5 {[%emt 0:00:18]} 11. Re1 {[%emt 0:
01:25]} Bd7 {[%emt 0:08:17]} 12. Nf1 {[%emt 0:03:07]} Rb8 {[%emt 0:05:04]} 13.
Bg5 {[%emt 0:05:30]} b4 {[%emt 0:08:00]} 14. axb4 {[%emt 0:03:55]} cxb4 {
[%emt 0:03:37]} 15. N3d2 {[%emt 0:01:40]} Qb6 {[%emt 0:11:50]} 16. Ne3 {
[%emt 0:02:22]} Be6 {[%emt 0:04:08]} 17. Bxf6 {[%emt 0:13:07]} Bxf6 {[%emt 0:
00:22]} 18. Bd5 {[%emt 0:00:07]} Bc8 {[%emt 0:18:12]} 19. Qb1 {[%emt 0:03:52]}
Qc5 {[%emt 0:06:26]} 20. Qa2 {[%emt 0:01:44]} Rb5 {[%emt 0:09:11]} 21. Ndc4 {
[%emt 0:07:20]} Bd8 {[%emt 0:07:14]} 22. c3 {[%emt 0:02:07]} Nxc4 {[%emt 0:04:
40]} 23. Bxc4 {[%emt 0:01:19]} Ra5 {[%emt 0:02:48]} 24. Qb3 {[%emt 0:00:12]}
bxc3 {[%emt 0:00:38]} 25. bxc3 {[%emt 0:00:17]} Bb6 {[%emt 0:03:01]} 26. Rxa5 {
[%emt 0:04:19]} Bxa5 {[%emt 0:00:42]} 27. Ra1 {[%emt 0:01:03]} g6 {[%emt 0:01:
07]} 28. Nd5 {[%emt 0:01:28]} Kg7 {[%emt 0:00:23]} 29. d4 {[%emt 0:00:52]} exd4
{[%emt 0:01:22]} 30. cxd4 {[%emt 0:00:06]} Qxd4 {[%emt 0:00:32]} 31. Rxa5 {
[%emt 0:00:07]} Qxe4 {[%emt 0:00:04]} 32. Qc3+ {[%emt 0:00:51]} f6 {[%emt 0:00:
59]} 33. Ra1 {[%emt 0:00:22]} Bb7 {[%emt 0:00:36]} 34. Re1 {[%emt 0:00:39]} Qg4
{[%emt 0:00:38]} 35. Re7+ {[%emt 0:00:45]} 1-0

[Event "Andorra Open"]
[Site "Escaldes"]
[Date "2019.07.26"]
[Round "1.2"]
[White "Rojano Cano, Francisco Jose"]
[Black "Lagarde, Maxime"]
[Result "0-1"]
[WhiteElo "2056"]
[BlackElo "2597"]
[PlyCount "66"]
[EventDate "2019.07.27"]
[EventType "swiss"]
[EventRounds "9"]
[EventCountry "AND"]
[WhiteClock "0:05:35"]
[BlackClock "0:40:46"]

1. e4 {[%emt 0:00:02]} g6 {[%emt 0:00:03]} 2. d4 {[%emt 0:00:10]} Bg7 {[%emt 0:
00:03]} 3. Be3 {[%emt 0:00:06]} d6 {[%emt 0:00:24]} 4. f3 {[%emt 0:00:28]} a6 {
[%emt 0:00:43]} 5. Qd2 {[%emt 0:00:28]} Nd7 {[%emt 0:01:31]} 6. Nc3 {[%emt 0:
01:01]} b5 {[%emt 0:00:24]} 7. a4 {[%emt 0:01:47]} b4 {[%emt 0:00:34]} 8. Nd5 {
[%emt 0:02:36]} c5 {[%emt 0:03:50]} 9. Ne2 {[%emt 0:10:01]} e6 {[%emt 0:01:54]}
10. Ndf4 {[%emt 0:04:29]} Ne7 {[%emt 0:01:08]} 11. Nh3 {[%emt 0:01:25]} Nc6 {
[%emt 0:08:25]} 12. Rd1 {[%emt 0:09:03]} O-O {[%emt 0:03:47]} 13. g3 {[%emt 0:
05:17]} d5 {[%emt 0:13:21]} 14. Bh6 {[%emt 0:09:37]} dxe4 {[%emt 0:00:42]} 15.
Bxg7 {[%emt 0:00:19]} Kxg7 {[%emt 0:00:08]} 16. fxe4 {[%emt 0:00:36]} e5 {
[%emt 0:02:26]} 17. d5 {[%emt 0:09:53]} Nd4 {[%emt 0:01:24]} 18. Nxd4 {[%emt 0:
03:59]} cxd4 {[%emt 0:00:04]} 19. Nf2 {[%emt 0:09:25]} a5 {[%emt 0:00:29]} 20.
Bb5 {[%emt 0:07:10]} Nc5 {[%emt 0:01:14]} 21. O-O {[%emt 0:00:28]} f6 {[%emt 0:
01:25]} 22. c3 {[%emt 0:01:23]} Qb6 {[%emt 0:05:49]} 23. cxb4 {[%emt 0:07:38]}
axb4 {[%emt 0:00:04]} 24. b3 {[%emt 0:00:41]} Ba6 {[%emt 0:01:42]} 25. Bxa6 {
[%emt 0:03:06]} Rxa6 {[%emt 0:00:03]} 26. Ng4 {[%emt 0:00:24]} Kg8 {[%emt 0:06:
46]} 27. Qh6 {[%emt 0:01:47]} Qd6 {[%emt 0:02:24]} 28. Rc1 {[%emt 0:00:35]}
Nxe4 {[%emt 0:01:02]} 29. Rc6 {[%emt 0:03:16]} Rxc6 {[%emt 0:00:05]} 30. dxc6 {
[%emt 0:00:06]} f5 {[%emt 0:00:50]} 31. a5 {[%emt 0:01:37]} d3 {[%emt 0:01:41]}
32. Qc1 {[%emt 0:01:58]} Nc3 {[%emt 0:01:10]} 33. Nh6+ {[%emt 0:00:26]} Kg7 {
[%emt 0:00:44]} 0-1

[Event "Andorra Open"]
[Site "Escaldes"]
[Date "2019.07.26"]
[Round "1.8"]
[White "Gomez Salinas, Nestor"]
[Black "Kogan, Arthur"]
[Result "0-1"]
[WhiteElo "2010"]
[BlackElo "2535"]
[PlyCount "36"]
[EventDate "2019.07.27"]
[EventType "swiss"]
[EventRounds "9"]
[EventCountry "AND"]
[WhiteClock "0:34:19"]
[BlackClock "1:23:10"]

1. e4 {[%emt 0:00:04]} c5 {[%emt 0:02:12]} 2. Nf3 {[%emt 0:00:11]} b6 {[%emt 0:
00:23]} 3. d4 {[%emt 0:02:29]} cxd4 {[%emt 0:00:11]} 4. Nxd4 {[%emt 0:00:39]}
Bb7 {[%emt 0:00:07]} 5. Nc3 {[%emt 0:04:26]} a6 {[%emt 0:02:06]} 6. Be3 {
[%emt 0:03:20]} e6 {[%emt 0:00:24]} 7. Nxe6 {[%emt 0:18:44]} fxe6 {[%emt 0:07:
00]} 8. Qh5+ {[%emt 0:06:30]} g6 {[%emt 0:00:16]} 9. Qe5 {[%emt 0:00:48]} Nf6 {
[%emt 0:00:06]} 10. Bxb6 {[%emt 0:02:12]} Qxb6 {[%emt 0:00:10]} 11. Qxf6 {
[%emt 0:00:06]} Rg8 {[%emt 0:00:09]} 12. Nd5 {[%emt 0:05:22]} Bxd5 {[%emt 0:00:
29]} 13. exd5 {[%emt 0:00:05]} Bg7 {[%emt 0:00:11]} 14. Qh4 {[%emt 0:06:03]}
Qxb2 {[%emt 0:00:19]} 15. Bd3 {[%emt 0:08:04]} Qxa1+ {[%emt 0:00:32]} 16. Ke2 {
[%emt 0:00:31]} Qe5+ {[%emt 0:00:49]} 17. Kd2 {[%emt 0:01:04]} Rf8 {[%emt 0:00:
32]} 18. g4 {[%emt 0:04:36]} Qf4+ {[%emt 0:00:20]} 0-1

[Event "Andorra Open"]
[Site "Escaldes"]
[Date "2019.07.27"]
[Round "1.9"]
[White "Thybo, Jesper Sondergaard"]
[Black "Attard, Leopold"]
[Result "1/2-1/2"]
[WhiteElo "2528"]
[BlackElo "2008"]
[PlyCount "70"]
[EventDate "2019.07.27"]
[EventType "swiss"]
[EventRounds "9"]
[EventCountry "AND"]

1. c4 e5 2. g3 Nf6 3. Bg2 h6 4. Nc3 Bb4 5. e4 Bxc3 6. dxc3 d6 7. f3 Be6 8. b3
a5 9. Nh3 a4 10. Be3 axb3 11. axb3 Rxa1 12. Qxa1 b5 13. cxb5 Qd7 14. Nf2 Qxb5
15. Kd2 O-O 16. Rb1 d5 17. Qa4 Qb7 18. Ke1 dxe4 19. fxe4 Nbd7 20. Bf1 Nb6 21.
Qb4 Ng4 22. Nxg4 Bxg4 23. Bg2 Qa8 24. Bf1 Qa2 25. Rc1 Qxh2 26. Bxb6 Qxg3+ 27.
Bf2 Qf4 28. Ra1 Rd8 29. Bg2 Bf3 30. Bxf3 Qxf3 31. Qc4 Qh1+ 32. Qf1 Qxe4+ 33.
Qe2 Qh1+ 34. Qf1 Qd5 35. Qc4 Qh1+ 1/2-1/2

[Event "Andorra Open"]
[Site "Escaldes"]
[Date "2019.07.27"]
[Round "1.10"]
[White "Hassomal Daswani, Birjkumar"]
[Black "Arizmendi Martinez, Julen Luis"]
[Result "0-1"]
[WhiteElo "1994"]
[BlackElo "2512"]
[PlyCount "48"]
[EventDate "2019.07.27"]
[EventType "swiss"]
[EventRounds "9"]
[EventCountry "AND"]

1. e4 c5 2. Nc3 e6 3. f4 d5 4. Nf3 Nc6 5. Bb5 Nge7 6. O-O a6 7. Bxc6+ Nxc6 8.
d3 Be7 9. Kh1 O-O 10. Bd2 b5 11. a3 Bb7 12. Qe1 Nd4 13. Rc1 Nxf3 14. gxf3 Bh4
15. Qe2 f5 16. Rg1 Rc8 17. Qg2 Rc7 18. Ne2 dxe4 19. fxe4 fxe4 20. Ba5 Qa8 21.
Bxc7 exd3 22. Nc3 Bf2 23. Be5 Bxg1 24. Rxg1 g6 0-1

[Event "Andorra Open"]
[Site "Escaldes"]
[Date "2019.07.27"]
[Round "1.12"]
[White "Cherki, Thomas"]
[Black "Asis Gargatagli, Hipolito"]
[Result "0-1"]
[WhiteElo "1988"]
[BlackElo "2506"]
[PlyCount "64"]
[EventDate "2019.07.27"]
[EventType "swiss"]
[EventRounds "9"]
[EventCountry "AND"]

1. e4 e5 2. Nf3 Nc6 3. d4 exd4 4. Nxd4 Qf6 5. Be3 Bc5 6. c3 Nge7 7. g3 h5 8. f4
d6 9. Bg2 Bg4 10. Qd3 O-O-O 11. Nd2 Bb6 12. N2f3 Ne5 13. Qf1 Nxf3+ 14. Bxf3 c5
15. Nc2 d5 16. e5 Qe6 17. Bxg4 hxg4 18. Qf2 Qc6 19. O-O Nf5 20. Rad1 Rh3 21.
Qe2 Qg6 22. Rf2 Kb8 23. Qd3 Qh5 24. Rg2 d4 25. cxd4 cxd4 26. Bc1 Nh4 27. Rf2
Nf3+ 28. Kf1 Rxh2 29. f5 Qh3+ 30. Ke2 Rxf2+ 31. Kxf2 Qh2+ 32. Kf1 Qg1+ 0-1

[Event "Andorra Open"]
[Site "Escaldes"]
[Date "2019.07.27"]
[Round "1.13"]
[White "Admiraal, Miguoel"]
[Black "Sanchez Dengra, Barbara"]
[Result "1-0"]
[WhiteElo "2504"]
[BlackElo "1983"]
[PlyCount "79"]
[EventDate "2019.07.27"]
[EventType "swiss"]
[EventRounds "9"]
[EventCountry "AND"]

1. d4 d5 2. Bf4 Nf6 3. e3 c5 4. c3 Qb6 5. Qb3 Nc6 6. Nd2 g6 7. Qxb6 axb6 8. Bc7
Nd7 9. Bb5 Bg7 10. Ngf3 O-O 11. O-O Ncb8 12. Rfe1 Na6 13. Bg3 Nf6 14. h3 Bd7
15. Bf1 Rac8 16. Rad1 Nc7 17. c4 Ne6 18. Be5 Bc6 19. cxd5 Bxd5 20. e4 Bxa2 21.
Ra1 Ra8 22. d5 Nxd5 23. exd5 Bxd5 24. Bxg7 Kxg7 25. Ne5 Rad8 26. Ndc4 b5 27.
Ne3 Bc6 28. Ra7 Rd2 29. Rb1 Be4 30. Nf3 Rd6 31. Rc1 c4 32. Be2 Nc5 33. Re1 Bxf3
34. Bxf3 Rd2 35. Re2 Rfd8 36. Ra5 Rxe2 37. Bxe2 Rd2 38. Rxb5 Rxe2 39. Rxc5 Rxb2
40. Rxc4 1-0

[Event "Andorra Open"]
[Site "Escaldes"]
[Date "2019.07.27"]
[Round "1.14"]
[White "Redondo Flores, David"]
[Black "Ruiz Castillo, Joshua Daniel"]
[Result "0-1"]
[WhiteElo "1975"]
[BlackElo "2501"]
[PlyCount "72"]
[EventDate "2019.07.27"]
[EventType "swiss"]
[EventRounds "9"]
[EventCountry "AND"]

1. e4 c5 2. Nf3 d6 3. d4 cxd4 4. Nxd4 Nf6 5. Nc3 a6 6. Bg5 Nbd7 7. Bc4 Qb6 8.
Bb3 e6 9. O-O Be7 10. Kh1 Nc5 11. Re1 Qc7 12. f4 h6 13. Bh4 g5 14. fxg5 hxg5
15. Bxg5 d5 16. e5 Nfe4 17. Nxe4 Nxe4 18. Be3 Bh4 19. Re2 Bg3 20. h3 Bxe5 21.
Bf2 Bd7 22. c3 O-O-O 23. Bc2 Nxf2+ 24. Rxf2 f6 25. Qd2 Rdg8 26. Rf3 Kb8 27. b4
Rh4 28. a4 Bf4 29. Qf2 Bg3 30. Qf1 e5 31. Nf5 Bxf5 32. Bxf5 e4 33. Re3 Bf4 34.
Ree1 Qe5 35. g4 Rgh8 36. Ra2 Rxh3+ 0-1

[Event "Andorra Open"]
[Site "Escaldes"]
[Date "2019.07.27"]
[Round "1.15"]
[White "Riff, Jean-Noel"]
[Black "Ribera Veganzones, Josep Maria"]
[Result "1-0"]
[WhiteElo "2495"]
[BlackElo "1962"]
[PlyCount "91"]
[EventDate "2019.07.27"]
[EventType "swiss"]
[EventRounds "9"]
[EventCountry "AND"]

1. e4 c5 2. Nf3 Nc6 3. Bb5 g6 4. O-O Bg7 5. Re1 Nf6 6. c3 Qb6 7. Ba4 O-O 8. h3
d5 9. e5 Ne8 10. d4 cxd4 11. cxd4 f6 12. Nc3 e6 13. Bb3 a6 14. Bf4 fxe5 15.
Bxe5 Nxe5 16. Nxe5 Qd6 17. Qd3 b5 18. Re3 Ra7 19. Rae1 Nf6 20. Rf3 Rc7 21. Ne2
Ne4 22. Rxf8+ Qxf8 23. Nf3 Bh6 24. Nc3 Nd6 25. Ne5 Nf5 26. Ne2 Nd6 27. Ng3 a5
28. Bc2 Bg5 29. Bb1 Nc4 30. Nf3 Bh6 31. Qe2 a4 32. b3 axb3 33. axb3 Na3 34. Bd3
Qb4 35. Qe5 Rc3 36. Qb8 Bf8 37. Re3 Qxb3 38. Ne5 Rc1+ 39. Kh2 Qb4 40. Ng4 Qd6
41. Qa8 Qc6 42. Qa5 b4 43. Nf6+ Kh8 44. Rf3 Qc7 45. Qxc7 Rxc7 46. Ne8 1-0

[Event "Andorra Open"]
[Site "Escaldes"]
[Date "2019.07.27"]
[Round "1.16"]
[White "Morello Ostos, Domingo"]
[Black "Narciso Dublan, Marc"]
[Result "0-1"]
[WhiteElo "1951"]
[BlackElo "2489"]
[PlyCount "100"]
[EventDate "2019.07.27"]
[EventType "swiss"]
[EventRounds "9"]
[EventCountry "AND"]

1. e4 c6 2. d3 d5 3. Nd2 e5 4. g3 dxe4 5. Nxe4 f5 6. Nc3 Nf6 7. Qe2 Bd6 8. Bg2
O-O 9. Bg5 h6 10. Bd2 Re8 11. O-O-O Be6 12. Nh3 Na6 13. Rde1 Qd7 14. Qf1 Qf7
15. Kb1 Nc5 16. f4 e4 17. d4 Ncd7 18. Nf2 Nb6 19. Nfd1 Red8 20. Ne3 c5 21. dxc5
Bxc5 22. Qe2 Nc4 23. Bc1 Bb4 24. Ned1 Nd5 25. Nxd5 Bxe1 26. Rxe1 Rxd5 27. b3
Nb6 28. Ne3 Rdd8 29. c4 Nd7 30. g4 Nc5 31. gxf5 Bxf5 32. Nxf5 Qxf5 33. Bxe4
Nxe4 34. Qxe4 Qxe4+ 35. Rxe4 Re8 36. Re3 Rxe3 37. Bxe3 Kf7 38. b4 Rc8 39. c5
Ke6 40. Kc2 Kd5 41. Kd3 Rf8 42. a4 Rf5 43. b5 Rh5 44. a5 Rxh2 45. c6 bxc6 46.
bxc6 Kxc6 47. Bxa7 Ra2 48. Bb6 h5 49. Ke4 h4 50. f5 h3 0-1

[Event "Andorra Open"]
[Site "Escaldes"]
[Date "2019.07.27"]
[Round "1.17"]
[White "Ochsner, Bjorn Moller"]
[Black "Ferre Fornos, J. Enric"]
[Result "1-0"]
[WhiteElo "2483"]
[BlackElo "1943"]
[PlyCount "87"]
[EventDate "2019.07.27"]
[EventType "swiss"]
[EventRounds "9"]
[EventCountry "AND"]

1. e4 e5 2. Nf3 Nf6 3. Nxe5 d6 4. Nf3 Nxe4 5. d4 d5 6. Bd3 Bf5 7. O-O Be7 8.
Re1 O-O 9. c4 Nc6 10. a3 Re8 11. Nc3 Nxc3 12. bxc3 Bxd3 13. Qxd3 dxc4 14. Qxc4
Bd6 15. Be3 Qd7 16. Reb1 b6 17. a4 Na5 18. Qd3 Qe6 19. Rb5 Qe4 20. Qxe4 Rxe4
21. Nd2 Re6 22. c4 Rae8 23. c5 Bf8 24. d5 Re5 25. d6 c6 26. Rxa5 bxa5 27. Nc4
Rd5 28. Rb1 f6 29. g3 Kf7 30. Rb7+ Ke6 31. Kg2 Rd1 32. Nxa5 Rc8 33. Rxa7 Bxd6
34. cxd6 Kxd6 35. Nc4+ Ke6 36. a5 Ra1 37. a6 g5 38. Bd4 Ra2 39. Bc5 Rb8 40. Rb7
Ra8 41. a7 f5 42. Re7+ Kf6 43. Rxh7 Rc2 44. Nb6 1-0

[Event "Andorra Open"]
[Site "Escaldes"]
[Date "2019.07.27"]
[Round "1.18"]
[White "Henderson De La Fuente, Andrea"]
[Black "Henderson De La Fuente, Lance"]
[Result "0-1"]
[WhiteElo "1939"]
[BlackElo "2471"]
[PlyCount "52"]
[EventDate "2019.07.27"]
[EventType "swiss"]
[EventRounds "9"]
[EventCountry "AND"]

1. e4 c5 2. Nc3 e6 3. g3 d5 4. Bg2 Nf6 5. exd5 exd5 6. d4 cxd4 7. Qxd4 Nc6 8.
Qd1 Bb4 9. Nge2 d4 10. Bxc6+ bxc6 11. Qxd4 Qxd4 12. Nxd4 Bh3 13. Bd2 c5 14.
Nde2 Bxc3 15. Nxc3 Bg2 16. Rg1 Bf3 17. h3 h5 18. Be3 O-O-O 19. Bxc5 Rd7 20. Be3
Rhd8 21. Ne2 Ne4 22. c3 Rd3 23. Bxa7 Rd2 24. Nd4 R8xd4 25. Bxd4 Rxb2 26. g4
Re2+ 0-1

[Event "Andorra Open"]
[Site "Escaldes"]
[Date "2019.07.27"]
[Round "1.19"]
[White "Roselli Mailhe, Bernardo"]
[Black "Aizpurua Blanco, Juan Antonio"]
[Result "1-0"]
[WhiteElo "2471"]
[BlackElo "1937"]
[PlyCount "66"]
[EventDate "2019.07.27"]
[EventType "swiss"]
[EventRounds "9"]
[EventCountry "AND"]

1. d4 Nf6 2. c4 e6 3. Nf3 Bb4+ 4. Nbd2 d5 5. Qa4+ Nc6 6. a3 Bxd2+ 7. Bxd2 Bd7
8. Qc2 Ne4 9. e3 Nxd2 10. Qxd2 Ne7 11. Rc1 dxc4 12. Bxc4 Bc6 13. Qe2 Bxf3 14.
Qxf3 c6 15. O-O O-O 16. Rfd1 Qa5 17. Bf1 Qb6 18. Qe2 Rfd8 19. b4 Rd5 20. g3 a5
21. Rb1 axb4 22. axb4 g6 23. Qc2 Qc7 24. b5 Rdd8 25. Bg2 Rdc8 26. Rdc1 Ra5 27.
Qc3 Ra2 28. Qb3 Qa5 29. Qb4 Qxb4 30. Rxb4 cxb5 31. Rxc8+ Nxc8 32. Rxb5 Nd6 33.
Rb1 b5 1-0

[Event "Andorra Open"]
[Site "Escaldes"]
[Date "2019.07.27"]
[Round "1.21"]
[White "Kennedy, John"]
[Black "Kirk, Ezra"]
[Result "0-1"]
[WhiteElo "1928"]
[BlackElo "2420"]
[PlyCount "70"]
[EventDate "2019.07.27"]
[EventType "swiss"]
[EventRounds "9"]
[EventCountry "AND"]

1. e4 c5 2. f4 Nc6 3. Nf3 g6 4. Bb5 Bg7 5. Bxc6 bxc6 6. d3 d6 7. O-O Nh6 8. Nc3
O-O 9. Qe1 f6 10. Qh4 Nf7 11. g4 e6 12. Be3 f5 13. g5 Rb8 14. Rab1 e5 15. Qg3
Qe7 16. fxe5 Nxe5 17. Nxe5 dxe5 18. exf5 gxf5 19. Qf2 c4 20. h4 Rf7 21. Bc5 Qe6
22. Bxa7 Ra8 23. Bc5 cxd3 24. cxd3 Ba6 25. Rfd1 Rd8 26. d4 e4 27. Qf4 Bd3 28.
Rbc1 Rfd7 29. Rd2 Rxd4 30. Bxd4 Bxd4+ 31. Kg2 Be5 32. Qf2 f4 33. Rxd3 Rxd3 34.
Nxe4 Qh3+ 35. Kg1 Bd4 0-1

[Event "Andorra Open"]
[Site "Escaldes"]
[Date "2019.07.27"]
[Round "1.22"]
[White "Aloma Vidal, Robert"]
[Black "Urena Casacuberta, Lluis"]
[Result "1-0"]
[WhiteElo "2419"]
[BlackElo "1915"]
[PlyCount "47"]
[EventDate "2019.07.27"]
[EventType "swiss"]
[EventRounds "9"]
[EventCountry "AND"]

1. e4 c5 2. Nf3 Nc6 3. c3 d5 4. exd5 Qxd5 5. d4 Bg4 6. Be2 Nf6 7. h3 Bf5 8. O-O
e6 9. Be3 Nd7 10. c4 Qd6 11. Nc3 cxd4 12. Nb5 Qb8 13. Nfxd4 Nxd4 14. Nxd4 Be4
15. Qa4 Qc7 16. Rfd1 Be7 17. Nb5 Qc6 18. Rxd7 Kxd7 19. Rd1+ Kc8 20. Nxa7+ Rxa7
21. Qxa7 Rd8 22. Qa8+ Kc7 23. Bf4+ Bd6 24. Qxd8+ 1-0

[Event "Andorra Open"]
[Site "Escaldes"]
[Date "2019.07.27"]
[Round "1.23"]
[White "Colomer Camarasa, Jordi"]
[Black "Hansen, Mads"]
[Result "0-1"]
[WhiteElo "1907"]
[BlackElo "2406"]
[PlyCount "26"]
[EventDate "2019.07.27"]
[EventType "swiss"]
[EventRounds "9"]
[EventCountry "AND"]

1. d4 Nf6 2. Bg5 e6 3. e3 h6 4. Bxf6 Qxf6 5. Nf3 c5 6. c3 Nc6 7. Bd3 d5 8. Nbd2
Bd6 9. O-O O-O 10. e4 cxd4 11. cxd4 Nxd4 12. Nxd4 Qxd4 13. exd5 Qxd3 0-1

[Event "Andorra Open"]
[Site "Escaldes"]
[Date "2019.07.27"]
[Round "1.24"]
[White "Suarez Uriel, Adrian"]
[Black "Bes Alvarez, Alex"]
[Result "1-0"]
[WhiteElo "2392"]
[BlackElo "1890"]
[PlyCount "105"]
[EventDate "2019.07.27"]
[EventType "swiss"]
[EventRounds "9"]
[EventCountry "AND"]

1. e4 c5 2. Nf3 a6 3. c4 Nc6 4. d4 cxd4 5. Nxd4 e6 6. Nc3 Bc5 7. Nb3 Bb4 8. Bd2
Nf6 9. Qc2 O-O 10. f4 d5 11. e5 Bxc3 12. Bxc3 Ne4 13. g3 Nxc3 14. Qxc3 dxc4 15.
Bxc4 Rb8 16. O-O b5 17. Be2 Bb7 18. Rfd1 Qb6+ 19. Qc5 Qc7 20. Rac1 Rbc8 21. Rd6
Qb8 22. Qb6 Nb4 23. Rxc8 Qxc8 24. Nc5 Nd5 25. Qa7 Ba8 26. Rxa6 g6 27. Rd6 Re8
28. Bxb5 Rd8 29. Ba6 Qb8 30. Qxb8 Rxb8 31. a3 Kg7 32. b4 Nc3 33. Rd7 Bd5 34.
Bb7 Kg8 35. a4 Bxb7 36. Rxb7 Rxb7 37. Nxb7 Nxa4 38. Kf2 Nb6 39. b5 Kg7 40. Nd6
h6 41. Ke3 g5 42. Kd4 Nd7 43. fxg5 hxg5 44. g4 Kg6 45. Ne4 Kh6 46. Nf6 Nb6 47.
Kc5 Nc8 48. b6 Nxb6 49. Kxb6 Kg6 50. Kc6 Kg7 51. Kd7 Kg6 52. Ke7 Kg7 53. Ne4
1-0

[Event "Andorra Open"]
[Site "Escaldes"]
[Date "2019.07.27"]
[Round "1.25"]
[White "Gallego Terris, Rafael"]
[Black "Mosquera, Miguel"]
[Result "1/2-1/2"]
[WhiteElo "1890"]
[BlackElo "2385"]
[PlyCount "131"]
[EventDate "2019.07.27"]
[EventType "swiss"]
[EventRounds "9"]
[EventCountry "AND"]

1. g3 e5 2. Bg2 Nf6 3. c4 d5 4. cxd5 Nxd5 5. Nc3 Nb6 6. Nf3 Nc6 7. O-O Be7 8.
d3 g5 9. a3 Be6 10. b4 a6 11. Bb2 g4 12. Nd2 Qd7 13. Rc1 h5 14. Nce4 Bd5 15. a4
f5 16. b5 axb5 17. axb5 Nd4 18. Bxd4 exd4 19. Nc5 Qxb5 20. Bxd5 Nxd5 21. Ne6
Qd7 22. Nxd4 Bf6 23. N2b3 b6 24. e4 Ne7 25. Nxf5 Nxf5 26. exf5 O-O 27. Qc2 c5
28. Qc4+ Kg7 29. Rce1 Ra4 30. Qe6 Rd8 31. d4 c4 32. Nd2 b5 33. Ne4 Qxe6 34.
fxe6 Be7 35. Nc3 Ra5 36. Re5 Rxd4 37. Rxh5 Rd3 38. Rxb5 Rxb5 39. Nxb5 c3 40.
Rc1 Bb4 41. Kg2 Kf6 42. h3 gxh3+ 43. Kxh3 Kxe6 44. Kg4 Kd5 45. f4 Kc4 46. Nxc3
Bxc3 47. Rf1 Bb4 48. Rh1 Kd5 49. Rh3 Ke6 50. Rh1 Kf6 51. Rf1 Bc5 52. Rf3 Rd1
53. Rc3 Bd6 54. Re3 Rd4 55. Rb3 Be7 56. Re3 Rd8 57. Kf3 Rh8 58. Kg2 Bd6 59. Rd3
Ke6 60. Re3+ Kf5 61. Rd3 Rh6 62. Kf3 Bc7 63. Rc3 Bxf4 64. g4+ Ke5 65. Rc5+ Kd4
66. Rh5 1/2-1/2

[Event "Andorra Open"]
[Site "Escaldes"]
[Date "2019.07.28"]
[Round "2.1"]
[White "Lever, Erwan"]
[Black "Fedorchuk, Sergey A"]
[Result "1-0"]
[WhiteElo "2259"]
[BlackElo "2633"]
[PlyCount "95"]
[EventDate "2019.07.27"]
[EventType "swiss"]
[EventRounds "9"]
[EventCountry "AND"]
[WhiteClock "0:12:18"]
[BlackClock "0:19:09"]

1. d4 {[%emt 0:04:51]} Nf6 {[%emt 0:00:21]} 2. c4 {[%emt 0:00:05]} e6 {[%emt 0:
00:11]} 3. g3 {[%emt 0:00:08]} Bb4+ {[%emt 0:03:48]} 4. Bd2 {[%emt 0:00:21]} a5
{[%emt 0:01:12]} 5. Bg2 {[%emt 0:00:19]} O-O {[%emt 0:01:31]} 6. Nf3 {[%emt 0:
00:11]} Ne4 {[%emt 0:01:19]} 7. O-O {[%emt 0:06:40]} Nxd2 {[%emt 0:03:11]} 8.
Nfxd2 {[%emt 0:03:04]} d5 {[%emt 0:02:16]} 9. Nc3 {[%emt 0:03:18]} c6 {[%emt 0:
08:47]} 10. e3 {[%emt 0:03:32]} Nd7 {[%emt 0:08:02]} 11. Qc2 {[%emt 0:00:43]}
Re8 {[%emt 0:02:55]} 12. a3 {[%emt 0:10:15]} Bf8 {[%emt 0:01:48]} 13. Rab1 {
[%emt 0:04:18]} b5 {[%emt 0:06:08]} 14. cxb5 {[%emt 0:11:53]} cxb5 {[%emt 0:01:
58]} 15. Nxb5 {[%emt 0:03:22]} Ba6 {[%emt 0:00:07]} 16. Qc6 {[%emt 0:02:03]}
Qe7 {[%emt 0:08:06]} 17. Rfc1 {[%emt 0:12:31]} Rec8 {[%emt 0:01:19]} 18. Nc7 {
[%emt 0:00:13]} Ra7 {[%emt 0:00:20]} 19. Nxa6 {[%emt 0:00:27]} Rxc6 {[%emt 0:
00:52]} 20. Rxc6 {[%emt 0:00:06]} e5 {[%emt 0:09:52]} 21. Nc7 {[%emt 0:06:34]}
exd4 {[%emt 0:02:24]} 22. Nxd5 {[%emt 0:00:13]} Qe5 {[%emt 0:00:33]} 23. Nc4 {
[%emt 0:04:03]} Qf5 {[%emt 0:01:30]} 24. e4 {[%emt 0:04:46]} Qg4 {[%emt 0:00:
29]} 25. h3 {[%emt 0:03:26]} Qe2 {[%emt 0:02:41]} 26. Rc8 {[%emt 0:01:11]} Nc5
{[%emt 0:03:52]} 27. Nd6 {[%emt 0:03:40]} Nd3 {[%emt 0:03:05]} 28. Rf1 {
[%emt 0:03:41]} Qxb2 {[%emt 0:11:10]} 29. Nf5 {[%emt 0:01:15]} f6 {[%emt 0:00:
22]} 30. e5 {[%emt 0:00:32]} Kf7 {[%emt 0:03:24]} 31. e6+ {[%emt 0:04:29]} Kxe6
{[%emt 0:00:24]} 32. Be4 {[%emt 0:00:11]} Qxa3 {[%emt 0:11:38]} 33. Nxd4+ {
[%emt 0:00:31]} Kf7 {[%emt 0:00:35]} 34. Nb5 {[%emt 0:00:27]} Qb3 {[%emt 0:00:
40]} 35. Nxa7 {[%emt 0:00:26]} Nc5 {[%emt 0:00:23]} 36. Rc7+ {[%emt 0:01:12]}
Kg8 {[%emt 0:00:26]} 37. Bg2 {[%emt 0:02:16]} Ne6 38. Rc3 {[%emt 0:00:51]} Qb2
{[%emt 0:00:03]} 39. Nc6 {[%emt 0:00:30]} a4 {[%emt 0:00:01]} 40. Re1 {[%emt 0:
01:22]} Bc5 {[%emt 0:01:21]} 41. Rxc5 {[%emt 0:11:03]} Nxc5 {[%emt 0:00:07]}
42. Nc7 {[%emt 0:05:32]} g6 {[%emt 0:02:27]} 43. Bd5+ {[%emt 0:03:36]} Kg7 {
[%emt 0:01:10]} 44. Ne8+ {[%emt 0:00:10]} Kh6 {[%emt 0:06:24]} 45. Ne7 {
[%emt 0:00:53]} g5 {[%emt 0:04:32]} 46. Bf7 {[%emt 0:00:23]} g4 {[%emt 0:00:50]
} 47. h4 {[%emt 0:00:14]} Qc2 {[%emt 0:00:11]} 48. Ng8# {[%emt 0:00:11]} 1-0